Catálogo

Vista normal Vista MARC

Entrada Personal Name

Número de registros utilizados en: 1

001 - CONTROL NUMBER

  • control field: 11769

003 - CONTROL NUMBER IDENTIFIER

  • control field: Mx-PuUPA

005 - DATE AND TIME OF LATEST TRANSACTION

  • control field: 20211109143708.0

008 - FIXED-LENGTH DATA ELEMENTS

  • fixed length control field: 211109|| aca||aabn | a|a d

040 ## - CATALOGING SOURCE

  • Original cataloging agency: Mx-PuUPA
  • Language of cataloging: spa
  • Transcribing agency: Mx-PuUPA
  • Modifying agency: Mx-PuUPA
  • Description conventions: rda

100 1# - HEADING--PERSONAL NAME

  • Personal name: Graue Hernández, Enrique,

370 ## - ASSOCIATED PLACE

  • Place of origin of work or expression: Oftalmólogo en Huixquilucan

372 ## - FIELD OF ACTIVITY

  • Field of activity: Oftalmología

372 ## - FIELD OF ACTIVITY

  • Field of activity: Astigmatismo, Retina, Cataratas, Conjuntivitis, Estrabismo, Glaucoma, Queratocono

373 ## - ASSOCIATED GROUP

  • Associated group: Universidad Nacional Autónoma de México (UNAM).
  • Associated group: Hospital Ángeles Lomas

374 ## - OCCUPATION

  • Occupation: Autor
  • Occupation: Oftalmólogo

375 ## - GENDER

  • Gender: hombre

377 ## - ASSOCIATED LANGUAGE

  • Language code: spa

400 1# - SEE FROM TRACING--PERSONAL NAME

  • Personal name: Graue Hernández, Enrique Octavio